| 000 | 01275cab a2200361 4500 | ||
|---|---|---|---|
| 001 | ABS56713 | ||
| 008 | 090401t1997 xxu||||| |||| 00| 0 eng d | ||
| 035 | _a(Sirsi) u77375 | ||
| 041 | _aeng | ||
| 100 | _aHealy, A. | ||
| 245 | _aDeveloping an interest in Europe | ||
| 260 | _c1997 | ||
| 350 | _a0 | ||
| 490 |
_aPlanning (for the Natural and Built Environment) _v(1209) 14 March 1997, 13(1) |
||
| 520 | _aReports on the EC structural funds and the possibility that they may not be available in three years time. As for many local authorities these funds represent the extent of their interest in Europe this may have a dramatic impact. | ||
| 650 | _aEUROPEAN AGRICULTURE GUIDANCE AND GUARANTEE FUND | ||
| 650 | _aERDF | ||
| 650 | _aESF | ||
| 650 | _aEUROPEAN COMMISSION | ||
| 650 | _aEUROPEAN REGIONAL DEVELOPMENT FUND | ||
| 650 | _aEUROPEAN SOCIAL FUND | ||
| 650 | _aEUROPEAN STRUCTURAL FUNDS | ||
| 650 | _aFIFG | ||
| 650 | _aFINANCIAL INSTRUMENT FOR FISHERIES GUIDANCE | ||
| 650 | _aFUNDING | ||
| 650 | _aGUIDANCE ELEMENT OF THE EUROPEAN AGRICULTURAL GUARANTEE AND GUIDANCE F | ||
| 650 | _aLOCAL AUTHORITIES | ||
| 650 | _aOBJECTIVE 2 | ||
| 650 | _aUNITED KINGDOM | ||
| 690 | _aEUROPE-SINGLE MARKET | ||
| 942 | _n0 | ||
| 948 | _c25/03/1997 | ||
| 999 |
_c48648 _d48648 |
||